Zoología simplificada / (Record no. 172007)

MARC details
000 -LEADER
campo de control de longitud fija 00613nam a22001935i 4500
001 - NÚMERO DE CONTROL
campo de control 172007
003 - IDENTIFICADOR DE NÚMERO DE CONTROL
campo de control ES-MaACL
005 - FECHA Y HORA DE LA ÚLTIMA TRANSACCIÓN
campo de control 20250814033438.0
008 - DATOS DE LONGITUD FIJA--INFORMACIÓN GENERAL
campo de control de longitud fija 090610s1970 mx |||| | spa d
100 1# - ENTRADA PRINCIPAL--NOMBRE DE PERSONA
Nombre de persona Soule, Dorothy F.
9 (RLIN) 140608
245 10 - MENCIÓN DEL TÍTULO
Título Zoología simplificada /
Mención de responsabilidad, etc. Dorothy F. Soule ; [traducción: G. Caballero].
250 ## - MENCION DE EDICION
Mención de edición [1ª ed.].
260 ## - PUBLICACIÓN, DISTRIBUCIÓN, ETC.
Lugar de publicación, distribución, etc. México :
Nombre del editor, distribuidor, etc. Compañía General de Ediciones,
Fecha de publicación, distribución, etc. [1970]
300 ## - DESCRIPCIÓN FÍSICA
Extensión 189 p. :
Otras características físicas il. ;
Dimensiones 26 cm.
650 #7 - PUNTO DE ACCESO ADICIONAL DE MATERIA--TÉRMINO DE MATERIA
Término de materia o nombre geográfico como elemento de entrada Zoología
Fuente del encabezamiento o término embne
9 (RLIN) 17868
700 1# - ENTRADA AGREGADA--NOMBRE PERSONAL
Nombre de persona Caballero, G.
9 (RLIN) 140609
852 ## - LOCALIZACIÓN
Ubicación ES-MaACL
Número de control de estantería E-9098
itemnumber R.93570
Holdings
Estatus retirado Estado de pérdida Estado de daño No para préstamo Biblioteca de origen Biblioteca actual Ubicación en estantería Fecha de adquisición Fuente de adquisición Total de préstamos Signatura topográfica completa Código de barras Visto por última vez Precio de reemplazo Tipo de ítem Koha
        Biblioteca del Ateneo de Madrid Biblioteca del Ateneo de Madrid Depósito 2 10/06/2009     E-9098 1180512 23/02/2023 23/02/2023 Libro impreso